000 00597cam a2200229 i 4500
001 3210212
005 20180213072458.0
008 781207s1979 nyua j b 001 0 eng
010 _a 78020316
020 _a0679208046 :
_c$8.95
040 _aDLC
_cDLC
_dDLC
041 _aeng
042 _alcac
080 _a621.4 CUM
082 0 0 _a621.4 CUM
100 1 _a27
101 _aIM
245 1 0 _aMake your own alternative energy /
_cRichard Cummings [i.e. R. M. Gardner].
504 _aBibliography: p. 147-150.
906 _a7
_bcbc
_corignew
_d1
_eocip
_f19
_gy-gencatlg
942 _2ddc
_cBK
999 _c42390
_d42390